000 00420 a2200157 4500
001 164513
020 _a
040 _cMagnum
100 _aOlic, Nelson Bacic
240 1 0 _aA desintegracao do leste: urss, iugoslavia, europa oriental
_lpor
245 1 0 _aA desintegracao do leste: urss, iugoslavia, europa oriental
362 0 _a1899
440 1 _aModerna
697 _aHISTORIA MODERNA/CONTEMPORANEA
942 _cBK
999 _c164513
_d164513